Online
Catalog

La influencia de la religión en el desarrollo educativo dominicano / (Record no. 6053)

MARC details
000 -CABECERA
campo de control de longitud fija 01076nam a2200253 a 4500
001 - NÚMERO DE CONTROL
campo de control 000006258
005 - FECHA Y HORA DE LA ÚLTIMA TRANSACCIÓN
campo de control 20260202103257.0
008 - DATOS DE LONGITUD FIJA--INFORMACIÓN GENERAL
campo de control de longitud fija 090827s1986 dr 001 0 spa d
040 ## - FUENTE DE LA CATALOGACIÓN
Centro catalogador/agencia de origen DO-SdBNP
Lengua de catalogación spa
Centro/agencia transcriptor BNPHU
082 ## - NÚMERO DE LA CLASIFICACIÓN DECIMAL DEWEY
Número de clasificación 377.8
Número de documento/Ítem I43r
110 2# - ENTRADA PRINCIPAL--NOMBRE DE ENTIDAD CORPORATIVA
Nombre de entidad corporativa o nombre de jurisdicción como elemento de entrada Universidad Tecnológica de Santiago UTESA
9 (RLIN) 17473
245 13 - MENCIÓN DE TÍTULO
Título La influencia de la religión en el desarrollo educativo dominicano /
Mención de responsabilidad, etc. presentado por: Rosario Olio de Regalado, Norma Reyes de Checo, Carmen Pérez de Rodríguez, William Genaro López.
260 ## - PUBLICACIÓN, DISTRIBUCIÓN, ETC.
Lugar de publicación, distribución, etc. Santiago de los Caballeros :
Nombre del editor, distribuidor, etc. UTESA,
Fecha de publicación, distribución, etc. 1986.
300 ## - DESCRIPCIÓN FÍSICA
Extensión 223 p. ;
Dimensiones 21 cm.
500 ## - NOTA GENERAL
Nota general Trabajo presentado como requisito para obtener el grado de master en ciencias de la educación
505 2# - NOTA DE CONTENIDO CON FORMATO
Nota de contenido con formato Incluye índice.
505 2# - NOTA DE CONTENIDO CON FORMATO
Nota de contenido con formato Incluye nota de contenido.
650 #4 - PUNTO DE ACCESO ADICIONAL DE MATERIA--TÉRMINO DE MATERIA
Término de materia o nombre geográfico como elemento de entrada Educación católica
Subdivisión geográfica República Dominicana
9 (RLIN) 17474
650 #0 - PUNTO DE ACCESO ADICIONAL DE MATERIA--TÉRMINO DE MATERIA
Término de materia o nombre geográfico como elemento de entrada Iglesia y educación
9 (RLIN) 17475
700 1# - PUNTO DE ACCESO ADICIONAL--NOMBRE DE PERSONA
Nombre de persona Olivo de Regalado, Rosario
9 (RLIN) 17476
700 1# - PUNTO DE ACCESO ADICIONAL--NOMBRE DE PERSONA
Nombre de persona Reyes de Checo, Norma
9 (RLIN) 17477
700 1# - PUNTO DE ACCESO ADICIONAL--NOMBRE DE PERSONA
Nombre de persona Pérez de Rodríguez, Carmen
9 (RLIN) 17478
700 1# - PUNTO DE ACCESO ADICIONAL--NOMBRE DE PERSONA
Nombre de persona Genaro López, William
9 (RLIN) 17479
Holdings
Estado de retiro Estado de pérdida No para préstamo Código de colección Localización permanente Ubicación/localización actual Ubicación en estantería Fecha de adquisición Número de inventario Total de préstamos Signatura topográfica completa Código de barras Fecha visto por última vez Precio válido a partir de Tipo de ítem Koha Número de copia Nota pública
    Excluido de préstamo Patrimonio Dominicano Patrimonio Dominicano Patrimonio Dominicano Depósito 27.08.2009 LF1   377.8 I43r 6258-10 25.06.2020 25.06.2020 Libro y Folleto Colección Patrimonio Dominicano    
    Excluido de préstamo Patrimonio Dominicano Patrimonio Dominicano Patrimonio Dominicano Depósito 30.05.2019 LF1   377.8 I43r 6258-20 25.06.2020 25.06.2020 Libro y Folleto Colección Patrimonio Dominicano e.2 Perteneció a la bilbioteca personal de la familia Reyes Duluc.

Powered by Koha